00371nam a2200121Ia 4500003000400000005001700004008004100021040001800062041000800080100004300088245008500131260003300216OSt20260123094945.0211028s2016 xx 000 0 und d cAIMIT LIBRARY aeng aJoseph, Athulya;Thomas, Babu.g1416023 aStudy on financial performance of the Maloth service co operative bank limited / aMangalorebBabu Thomasc2016